Song dynasty ceramics /

Bibliographic Details
Main Author: Kerr, Rose, 1953-
Format: Book
Language:English
Published: London : V&A, 2004.
Series:Department of State publication. Far Eastern series.
Subjects:

MARC

Tag First Indicator Second Indicator Subfields
LEADER 00000cam a22000008a 4500
001 in00002017555
005 20151031152802.0
008 040624s2004 enka f 000 0 eng
015 |a GBA453299  |2 bnb 
016 7 |a 012955441  |2 Uk 
020 |a 1851774157 (hbk.) 
035 |a (OCoLC)ocm56652629 
040 |a UKM  |c UKM  |d KKS  |d TXA  |d UtOrBLW 
049 |a TXAM 
082 0 4 |a 738'.0951'0902  |2 22 
090 |a NK4165.4  |b .K47 2004 
100 1 |a Kerr, Rose,  |d 1953- 
245 1 0 |a Song dynasty ceramics /  |c Rose Kerr ; photography by Ian Thomas. 
264 1 |a London :  |b V&A,  |c 2004. 
300 |a 128 pages :  |b illustrations (chiefly color) ;  |c 25 cm. 
336 |a text  |b txt  |2 rdacontent 
337 |a unmediated  |b n  |2 rdamedia 
338 |a volume  |b nc  |2 rdacarrier 
490 1 |a Victoria & Albert Museum Far Eastern series 
504 |a Includes bibliographical references (page [126]) and index. 
650 0 |a Pottery, Chinese  |y Song-Yuan dynasties, 960-1368. 
830 0 |a Department of State publication.  |p Far Eastern series. 
948 |a cataloged  |b h  |c 2004/12/14  |d c  |e jgreene  |f 10:51:09 am 
994 |a E0  |b TXA 
999 |a MARS 
999 f f |s 23f35022-1068-3563-991d-d036c21df344  |i c229ef52-a69a-307a-be9b-219820211e1c  |t 0 
952 f f |p normal  |a Texas A&M University  |b College Station  |c Sterling C. Evans Library  |d Evans: Library Stacks  |t 0  |e NK4165.4 .K47 2004  |h Library of Congress classification  |i unmediated -- volume  |m A14831691302 
998 f f |a NK4165.4 .K47 2004  |t 0  |l Evans: Library Stacks